000 00189 a2200097 4500
020 _a078073568772
041 _aeng
100 _aBermis aamir lee
245 _aI hate to be sick
942 _cBK
999 _c9544
_d9544